| Tag |
First Indicator |
Second Indicator |
Subfields |
| LEADER |
00000cam a2200000 a 4500 |
| 001 |
in00000017996 |
| 005 |
20151007053125.0 |
| 008 |
871110s1988 nyu 00011 eng |
| 010 |
|
|
|a 87033327
|
| 020 |
|
|
|a 0689119739
|
| 035 |
|
|
|a (OCoLC)17104976
|
| 035 |
|
|
|9 AAB0476AM
|
| 040 |
|
|
|a DLC
|c DLC
|d TXA
|d UtOrBLW
|
| 049 |
|
|
|a TXAM
|c [A11465595]
|
| 050 |
0 |
0 |
|a PS3566.R54
|b G6 1988
|
| 082 |
0 |
|
|a 813/.54
|2 19
|
| 100 |
1 |
|
|a Price, Reynolds,
|d 1933-2011.
|
| 245 |
1 |
0 |
|a Good hearts /
|c Reynolds Price.
|
| 264 |
|
1 |
|a New York :
|b Atheneum,
|c 1988.
|
| 300 |
|
|
|a 275 pages ;
|c 24 cm.
|
| 336 |
|
|
|a text
|b txt
|2 rdacontent
|
| 337 |
|
|
|a unmediated
|b n
|2 rdamedia
|
| 338 |
|
|
|a volume
|b nc
|2 rdacarrier
|
| 999 |
|
|
|a MARS
|
| 999 |
f |
f |
|s 0ee450be-d502-39b5-a22a-39dfed206065
|i ef8e18cc-8dca-31da-a092-576137679dcc
|t 0
|
| 952 |
f |
f |
|p ric
|a Texas A&M University
|b Rellis Campus
|c Joint Library Facility
|d Remote Storage
|t 0
|e PS3566.R54 G6 1988
|h Library of Congress classification
|i unmediated -- volume
|m A14811465595
|
| 998 |
f |
f |
|a PS3566.R54 G6 1988
|t 0
|l Remote Storage
|